| 000 | 00957cam a22002774a 4500 | ||
|---|---|---|---|
| 001 | 14951152 | ||
| 005 | 20231205052616.0 | ||
| 008 | 070802s2007 nmu b 001 0 eng | ||
| 020 | _a9781930618916 (pa : alk. paper) | ||
| 040 |
_aDLC _cDLC _dDLC |
||
| 082 | 0 | 0 |
_a305.48/9694209 _222 |
| 245 | 0 | 4 |
_aThe gender of globalization : _bwomen navigating cultural and economic marginalities / _cedited by Nandini Gunewardena and Ann Kingsolver. |
| 250 | _a1st ed. | ||
| 260 |
_aSanta Fe, N.M. : _bSchool for Advanced Research Press, _c2007. |
||
| 300 | _axv, 356 p. ; | ||
| 490 | 0 | _aSchool for Advanced Research advanced seminar series | |
| 650 | 0 | _aPoor women | |
| 650 | 0 | _aGlobalization | |
| 650 | 0 | _aGlobalization | |
| 650 | 0 | _aCulture and globalization | |
| 650 | 0 | _aMarginality, Social | |
| 700 | 1 |
_aGunewardena, Nandini. _eedt |
|
| 700 | 1 |
_aKingsolver, Ann E., _eedt |
|
| 856 | 4 | 1 | _uhttp://www.loc.gov/catdir/toc/ecip0724/2007031821.html |
| 942 | _cL | ||
| 999 |
_c153 _d153 |
||